Präfekturen Japans - Statistiken

Allgemein
  • Dieses Quiz wurde 8.852 mal gespielt
  • Das Durchschnittsergebnis liegt bei 17 aus 47
Antworten auf der Karte
Die Antworten werden auf der Karte rot bzw. grün angezeigt, abhängig davon wie oft sie richtig erraten wurden.
 
Antwortstatistiken
Präfektur % Korrekt
Tokio
90%
Osaka
75%
Hokkaido
72%
Hiroshima
69%
Kyoto
69%
Nagasaki
65%
Fukushima
56%
Okinawa
53%
Fukuoka
40%
Chiba
37%
Saitama
36%
Aomori
35%
Nara
35%
Akita
33%
Miyagi
33%
Nagano
33%
Niigata
33%
Aichi
30%
Gifu
30%
Gunma
30%
Iwate
30%
Ehime
29%
Kanagawa
29%
Hyōgo
28%
Kagoshima
28%
Mie
28%
Okayama
28%
Shizuoka
28%
Yamaguchi
28%
Fukui
27%
Ibaraki
27%
Kagawa
27%
Kōchi
27%
Kumamoto
27%
Miyazaki
27%
Saga
27%
Tottori
27%
Yamagata
27%
Ōita
26%
Wakayama
26%
Ishikawa
25%
Toyama
25%
Yamanashi
25%
Shiga
24%
Shimane
24%
Tochigi
23%
Tokushima
23%
Keine übereinstimmenden Quizze gefunden
Verteilung der Resultate
Anzahl Personen mit jedem Resultat
Perzentil nach korrekt beantworteten Fragen
Ihre Resultats-Entwicklung
Sie haben dieses Quiz noch nicht gespielt